[Event "BRA Amateur-ch U1400"]
[Site "Sao Paulo"]
[Date "2022.11.05"]
[Round "5"]
[White "De Castro, Bruno Roberto Ruocc"]
[Black "Dos Reis, Thales Felipe Silva"]
[Result "0-1"]
[WhiteElo "1800"]
[BlackElo "1769"]
[PlyCount "95"]
[EventDate "2022.11.03"]
[EventType "swiss"]
[EventRounds "7"]
[EventCountry "BRA"]
[SourceTitle "CBM 211 Extra"]
[Source "ChessBase"]
[SourceDate "2023.01.31"]
[SourceVersion "1"]
[SourceVersionDate "2023.01.31"]
[SourceQuality "1"]

1. c4 Nf6 2. Nf3 e6 3. Nc3 Bb4 4. g3 Bxc3 5. dxc3 0-0 6. Bg2 c6 7. Bf4 d5 8. Qb3 Qb6 9. Qxb6 axb6 10. cxd5 exd5 11. 0-0 Re8 12. Rfe1 Bf5 13. Nd4 Be4 14. f3 Bg6 15. Bg5 Nbd7 16. g4 Re7 17. h4 h6 18. Bf4 Rae8 19. Kf2 Nc5 20. Bd6 Re3 21. Nf5 Bxf5 22. gxf5 Nh5 23. Bc7 Nd7 24. Bh3 b5 25. Bg4 Ndf6 26. Bb6 R3e7 27. Bc5 Re5 28. Bd4 R5e7 29. Bc5 Re5 30. Bd6 Re3 31. Rad1 Nxg4+ 32. fxg4 Nf6 33. Rd4 Rh3 34. g5 Ne4+ 35. Rxe4 Rxe4 36. Bg3 Rg4 37. Rg1 hxg5 38. Kf3 Rgxh4 39. Kg2 Rh5 40. Re1 g4 41. e4 dxe4 42. Rxe4 Rxf5 43. Rxg4 Rh6 44. Rd4 Rg6 45. Kh3 Rh5+ 46. Bh4 Rgh6 47. Kg3 g5 48. Rg4 0-1